Score 0/20 Timer 05:00
1 Play Today
% Correct
ESPN
77.4%
MTV
71.8%
Disney Channel
71.4%
C-SPAN
57.9%
CNN
56.4%
The CW
53%
Game Show Network
50.2%
MSNBC
47.9%
CBS
47%
TNT
45.9%
% Correct
FOX
43.4%
ABC
42.7%
The WB
37.2%
UPN
36.3%
Nickelodeon
30.6%
NBC
27.6%
FX
17.1%
HBO
15.4%
TBS
15.2%
Showtime
14.7%
Remove Ads.
Support Sporcle.
Get the best of Sporcle when you Go Orange. This ad-free experience offers more features, more stats, and more fun while also helping to support Sporcle. Thank you for becoming a member.

You're not logged in!

Compare scores with friends on all Sporcle quizzes.
OR
Log In

Sporcle TV

Today on Sporcle TV


Watch our educational content, quiz creation guides, and fun videos on Sporcle TV.

Show Comments

Extras

Top Quizzes Today


Score Distribution

Paid Content

Your Account Isn't Verified!

In order to create a playlist on Sporcle, you need to verify the email address you used during registration. Go to your Sporcle Settings to finish the process.

Report this User

Report this user for behavior that violates our Community Guidelines.

Details: